| 000 | 01218cam a22003617a 4500 | ||
|---|---|---|---|
| 003 | CHAP | ||
| 005 | 20220817041445.0 | ||
| 008 | 971013s1980 r 00010 d | ||
| 010 | _a15060 | ||
| 011 | _a16032 | ||
| 035 | _a20110 | ||
| 040 | _cCHAP | ||
| 090 | _aFolleto 9395 | ||
| 100 | 0 | 0 |
_aHerrera Herrera, Bernard Eraclio. _954894 |
| 245 | 0 | _aInterpretación aerotopográfica de vegetación en clima cálido-húmedo con influencia fluvial | |
| 260 |
_aChapingo, Méx. : _bUACH. Depto. de Bosques, _c1980 |
||
| 300 |
_app. 1-20 _b: ilus. |
||
| 410 | _aUACH. Departamento de Bosques | ||
| 490 | 0 | _aPublicaciones especiales | |
| 501 | _aEnc. con otros impresos similares | ||
| 590 |
_aBATCH-UPD _b10 _c20130110 _lUCH01 _h1644 |
||
| 590 |
_aBATCH-UPD _b10 _c20130410 _lUCH01 _h1034 |
||
| 590 |
_aBATCH-UPD _b10 _c20130914 _lUCH01 _h0708 |
||
| 590 |
_aCONVERSION _b10 _c20130109 _lUCH01 _h1310 |
||
| 650 | 1 | 4 |
_aBosques _xTrópicos. _914401 |
| 650 | 1 | 4 |
_aFotointerpretación. _942728 |
| 650 | 1 | 4 |
_aLevantamiento forestal. _966423 |
| 810 | _aUACH. Departamento de Bosques | ||
| 830 | 0 |
_aPublicaciones especiales _992701 |
|
| 901 | _aBK | ||
| 942 | _cFOLL | ||
| 949 |
_aFolleto 9395 _bBC _cESP _d-46922 _eESP _i20110 _si |
||
| 999 |
_c15060 _d15060 |
||